000
00277nam a22001217a 4500
008
170330b xxu||||| |||| 00| 0 eng d
041
_a
eng
080
_2
14TH
_a
616-053.2
100
_a
8
101
_a
shm
245
_a
PEDIATRIC DOSAGE HANDBOOK
_c
TAKETOMO, C.K
942
_2
udc
_c
BK
999
_c
9099
_d
9099